Tourism planning : policies, processes and relationships

Αποθηκεύτηκε σε:
Λεπτομέρειες βιβλιογραφικής εγγραφής
Κύριος συγγραφέας: Hall, Colin Michael 1961-
Μορφή: Βιβλίο
Γλώσσα:English
Δημοσίευση: Essex : Pearson / Prentice Hall, c2008.
Έκδοση:2nd ed.
Θέματα:
Ετικέτες: Προσθήκη ετικέτας
Δεν υπάρχουν, Καταχωρήστε ετικέτα πρώτοι!

MARC

LEADER 00000nam a2200000 a 4500
001 1/111478
008 160819t2008####uk | ||| |||| ||eng||
020 |a 9780132046527   |q (χαρτόδετο)  
040 |a GR-MyUa  |b gre  |c GR-MyUa  |e AACR2 
041 0 |a eng 
082 7 |a 338.479104   |2 (23)  
100 1 |a Hall, Colin Michael  |d 1961- 
245 1 0 |a Tourism planning :   |b policies, processes and relationships /   |c C. Michael Hall.  
250 |a 2nd ed.  
260 |a Essex :   |b Pearson / Prentice Hall,   |c c2008.  
300 |a xvii, 302 σ. :   |b διαγρ., πίν. ;   |c 25 εκ.  
504 |a Βιβλιογραφία: σ. 269-298.  
504 |a Ευρετήριο: σ. 299-302.  
650 0 |a Tourism  |x Planning. 
852 |a INST  |b CHIOS  |c EUDOXUS  |e 20160819  |h 338.479104 HAL  |p 005200037201  |q 005200037201  |t BK  |y 0 
920 |a Εύδοξος  |b Παραγγελία  |y Χίος-ΤΔΕ  |z 2016-05 
970 |a Σπέντζα  |b Ελένη  |z 2016-05